Cẩm nang xuất nhập khẩu trong các dự án có vốn đầu tư nước ngoài tại Việt Nam

Vấn đề xuất nhập khẩu, sản xuất và kinh doanh ngoại thương. Văn bản hiện hành qui định về xuất nhập khẩu hàng hoá.

Enregistré dans:
Détails bibliographiques
Auteur principal: Nguyễn, Văn Hoa
Format: Livre
Langue:Undetermined
Publié: Hà Nội Chính trị Quốc gia 1998
Sujets:
Tags: Ajouter un tag
Pas de tags, Soyez le premier à ajouter un tag!
Thư viện lưu trữ: Trung tâm Học liệu Trường Đại học Cần Thơ
LEADER 00942nam a2200229Ia 4500
001 CTU_28502
008 210402s9999 xx 000 0 und d
020 |c 83000 
082 |a 343.056 
082 |b H401 
100 |a Nguyễn, Văn Hoa 
245 0 |a Cẩm nang xuất nhập khẩu trong các dự án có vốn đầu tư nước ngoài tại Việt Nam 
245 0 |c Nguyễn Văn Hoa, Nguyễn Văn Long 
260 |a Hà Nội 
260 |b Chính trị Quốc gia 
260 |c 1998 
520 |a Vấn đề xuất nhập khẩu, sản xuất và kinh doanh ngoại thương. Văn bản hiện hành qui định về xuất nhập khẩu hàng hoá. 
650 |a Tariff,Tariff 
650 |x Law and legislation 
650 |z Vietnam,Vietnam 
904 |i Nguyễn Quang Điền, Giang sửa 
980 |a Trung tâm Học liệu Trường Đại học Cần Thơ